LEADER 01582nam a2200325 4500 001 000000348463 003 CaOOAMICUS 005 20211222100012.0 008 211110s2007 it a 000 u ita r 020 $a978-88-420-8436-5 040 $aSeMil$bita 100 1 $aMariani, Giuseppe.$0(OLS)http://semarc/name/4884 245 12$aL'ospedale di Vimercate :$bdal tardo medioevo all'unità d'Italia /$cGiuseppe Mariani ; presentazione di Giuseppe Spata ; introduzione di Vittorio A. Sironi. 264 1$aRoma ; Bari :$bLaterza,$c2007. 300 $aXVI, 250 p., [8] c. di tav. :$bill. ;$c21 cm 490 1 $aStoria della medicina e della sanità 541 0 $aOmaggio mons. Mario Delpini (3P II 413) 650 4$aVimercate - Ospedale di San Damiano.$0(OLS)http://semarc/subject/51283 650 4$aVimercate - Storia.$0(OLS)http://semarc/subject/30844 700 1 $aSpata, Giuseppe,$d<1828-1901>.$0(OLS)http://semarc/name/114983 700 1 $aSironi, Vittorio Alessandro,$d<1951- >.$0(OLS)http://semarc/name/76865 830 0$aStoria della medicina e della sanità.$0(OLS)http://semarc/title/11486 850 $aSeMil 852 $aSeMil$W1$xVenegono$y1$m3P II 413$j230965$B239527$CSeMilBibl$Z2$F239527 $81 941 1 $a7 961 $aOmaggio mons. Mario Delpini 996 $6020$a978-88-420-8436-5$9(OLS)http://semarc/number/294535 996 $6245$aL'ospedale di Vimercate :$bdal tardo medioevo all'unità d'Italia$9(OLS)http://semarc/title/437853 996 $6264$aRoma ; Bari :$bLaterza$9(OLS)http://semarc/publisher/30305 LEADER 01419nam a2200289 i 4500 001 000000254928 003 CaOOAMICUS 005 20170810000000.0 008 170810s2002 it u000 u ita u 013 $a233833 020 $a88-01-02539-4 040 $aSeMil$bita 110 0 $aArcidiocesi di Milano : Servizio per il catecumenato.$0(OLS)http://semarc/name/77937 245 10$aFormare i catechisti accompagnatori :$bper l'itinerario catecumenale dei ragazzi 7-14 anni /$cServizio Diocesano per il Catecumenato, Torino. 260 $aLeumann (Torino) :$bElledici,$ccopyr. 2002. 300 $a142 p. ;$c21 cm. 490 0 $aI sussidi catechistici ;$v7 650 4$aCatechismo - Manuali e sussidi.$0(OLS)http://semarc/subject/253 650 4$aCatechesi - Formazione [per] catechisti.$0(OLS)http://semarc/subject/9140 650 4$aCatechesi [per] adolescenti.$0(OLS)http://semarc/subject/3454 830 2$aI sussidi catechistici ;$v7.$0(OLS)http://semarc/title/20561 850 $aSeMil 852 $aSeMil$W1$xVenegono$y1$m2C VII 307$j205274$B205274$CSeMilBibl$Z2$F219029 $81 961 $aOmaggio: Lorenzi don Ugo 996 $6020$a88-01-02539-4$9(OLS)http://semarc/number/278532 996 $6245$aFormare i catechisti accompagnatori :$bper l'itinerario catecumenale dei ragazzi 7-14 anni$9(OLS)http://semarc/title/411283 996 $6260$aLeumann (Torino) :$bElledici$9(OLS)http://semarc/publisher/31236